000
00343nam a2200133 a 4500
005
20140414093835.0
008
090115s19uu xx uuu eng d
050
_a
CDR 512
_b
MAT 1996
245
_a
The Math resource center :
_b
Algebra.
650
_a
Mathematics.
650
_a
Algebra
_x
Interactive videos.
942
_c
AVM
999
_c
108989
_d
108989